|
|
|
|
| LEADER |
00000naa2a2200000 4500 |
| 001 |
121792 |
| 005 |
20231031125621.0 |
| 035 |
|
|
|a (RuTPU)RU\TPU\book\131894
|
| 090 |
|
|
|a 121792
|
| 100 |
|
|
|a 20070920d2006 k y0rusy50 ca
|
| 101 |
0 |
|
|a rus
|
| 102 |
|
|
|a RU
|
| 200 |
1 |
|
|a Средства огнезащиты и пожарной безопасности. Стратегия обеспечения корпоративной безопасности на месторождениях ОАО "Томскнефть" ВНК
|f В. Г. Лукьянов [и др.]
|
| 463 |
|
0 |
|0 (RuTPU)RU\TPU\book\117293
|y 5-91191-021-7
|t Природные и интеллектуальные ресурсы Сибири (СИБРЕСУРС - 12 - 2006)
|o 12 Международная научно-практическая конференция, 2-4 октября 2006 г., Тюмень, Россия
|o доклады
|f Сибирская Академия наук высшей школы; под ред. В. Н. Масленникова
|v С. 117-120
|d 2006
|p 474 с.
|
| 610 |
1 |
|
|a пожарная безопасность
|
| 610 |
1 |
|
|a огнезащита
|
| 610 |
1 |
|
|a месторождения
|
| 610 |
1 |
|
|a корпоративная безопасность
|
| 610 |
1 |
|
|a Томскнефть
|
| 610 |
1 |
|
|a нефтяная промышленность
|
| 610 |
1 |
|
|a каталоги
|
| 610 |
1 |
|
|a средства огнезащиты
|
| 610 |
1 |
|
|a труды учёных ТПУ
|
| 701 |
|
1 |
|a Лукьянов
|b В. Г.
|c горный инженер
|c профессор Томского политехнического университета, доктор технических наук
|f 1930-
|g Виктор Григорьевич
|2 stltpush
|3 (RuTPU)RU\TPU\pers\12910
|4 070
|
| 701 |
|
1 |
|a Шимкевич
|b С. В.
|
| 701 |
|
1 |
|a Четвёркин
|b К. В.
|
| 701 |
|
1 |
|a Крец
|b В. Г.
|c специалист в области нефтегазового дела
|c доцент Томского политехнического университета, кандидат технических наук
|f 1942-
|g Виктор Георгиевич
|2 stltpush
|3 (RuTPU)RU\TPU\pers\26131
|4 070
|
| 701 |
|
1 |
|a Саруев
|b Л. А.
|c горный инженер
|c профессор Томского политехнического университета, доктор технических наук
|f 1940-
|g Лев Алексеевич
|2 stltpush
|3 (RuTPU)RU\TPU\pers\19862
|
| 801 |
|
1 |
|a RU
|b 63413507
|c 20070920
|g PSBO
|
| 801 |
|
2 |
|a RU
|b 63413507
|c 20160603
|g RCR
|
| 942 |
|
|
|c BK
|